Perspectives on public choice : A handbook

Public choice or rational politics differs from other approaches to the study of political behavior in that it builds on models in which rational individuals seek to advance their own interests. This five-part volume surveys the main ideas and contributions of the field. It contains twenty-five essa...

Descripción completa

Guardado en:
Detalles Bibliográficos
Formato: Libro
Lenguaje:Undetermined
Publicado: Cambridge, U.K. Cambridge University Press 1997
Materias:
Etiquetas: Agregar Etiqueta
Sin Etiquetas, Sea el primero en etiquetar este registro!
Thư viện lưu trữ: Trung tâm Học liệu Trường Đại học Cần Thơ
LEADER 01249nam a2200217Ia 4500
001 CTU_166424
008 210402s9999 xx 000 0 und d
020 |c 61.00 
082 |a 302.13 
082 |b P466 
245 0 |a Perspectives on public choice : 
245 2 |b A handbook 
245 0 |c Dennis C. Mueller 
260 |a Cambridge, U.K. 
260 |b Cambridge University Press 
260 |c 1997 
520 |a Public choice or rational politics differs from other approaches to the study of political behavior in that it builds on models in which rational individuals seek to advance their own interests. This five-part volume surveys the main ideas and contributions of the field. It contains twenty-five essays written by thirty scholars, both economists and political scientists, from North America and Europe. The contributors cover topics such as the nature and justification for the existence of government, the properties of different voting rules, and electoral politics in two-party governments. 
650 |a Social choice,Political science,Lựa chọn xã hội,Khoa học chính trị 
650 |x Economic aspects,Khía cạnh kinh tế 
904 |i QHieu 
980 |a Trung tâm Học liệu Trường Đại học Cần Thơ